| 000 | 00453nam a2200157Ia 4500 | ||
|---|---|---|---|
| 005 | 20250422101859.0 | ||
| 008 | 231217s9999 xx 000 0 und d | ||
| 020 | _a9788178084572 | ||
| 082 | _a621.381537 FLO;33 | ||
| 100 | _aFlood, J E. | ||
| 245 | 0 | _aTelecommunication switching, traffic and networks | |
| 260 |
_c1999 _bPearson Education _aDelhi |
||
| 300 | _axviii, 310 | ||
| 650 | _aTelecommunication,switching,,traffic,networks | ||
| 942 | _cAA | ||
| 999 |
_c194643 _d194643 |
||